Computer oriented numerical methods / (Record no. 2975)
[ view plain ]
| 000 -LEADER | |
|---|---|
| fixed length control field | 00654cam a2200265ua 4500 |
| 020 ## - INTERNATIONAL STANDARD BOOK NUMBER | |
| ISBN | 81 03 0786 0 |
| 041 ## - LANGUAGE CODE | |
| Language code of text/sound track or separate title | eng |
| 082 ## - DEWEY DECIMAL CLASSIFICATION NUMBER | |
| Classification number | 511 |
| Item number | RAJ/CO |
| 100 ## - MAIN ENTRY--AUTHOR NAME | |
| Personal name | Rajaraman, V . |
| 245 ## - TITLE STATEMENT | |
| Title | Computer oriented numerical methods / |
| 250 ## - EDITION STATEMENT | |
| Edition statement | 3 / |
| 260 ## - PUBLICATION, DISTRIBUTION, ETC. (IMPRINT) | |
| Place of publication | New Delhi : |
| Name of publisher | Prentice Hall of India Pvt Ltd. , |
| Year of publication | 1993. |
| 300 ## - PHYSICAL DESCRIPTION | |
| Number of Pages | 196 ; . |
| 500 ## - GENERAL NOTE | |
| General note | *CSS |
| 942 ## - ADDED ENTRY ELEMENTS (KOHA) | |
| Koha item type | Books |
| Withdrawn status | Lost status | Damaged status | Home library | Current library | Date acquired | Full call number | Accession Number | Koha item type | Shelving location |
|---|---|---|---|---|---|---|---|---|---|
| KAUAET | KAUAET | 07/04/2012 | 511 | 14587 | Books | ||||
| KAUAET | KAUAET | 07/04/2012 | 511 | 14588 | Books | ||||
| KAUAET | KAUAET | 07/04/2012 | 511 | 14378 | Books | ||||
| KAUAET | KAUAET | 07/04/2012 | 004.0151 RAJ/CO | 18325 | Book Bank scheme for SC students | Scheme | |||
| KAUAET | KAUAET | 07/04/2012 | 511 | 21488 | Books | ||||
| KAUAET | KAUAET | 23/07/2018 | 004.0151 RAJ/CO | 18323 | Book Bank scheme for SC students | Scheme | |||
| KAUAET | KAUAET | 23/07/2018 | 004.0151 RAJ/CO | 18324 | Book Bank scheme for SC students | Scheme |
